000 00781nam a2200289Ia 4500
005 20260324113033.0
008 008 260324s9999 xx 000 0 eng d
020 _a9781003441182
037 _aEBOOK
040 _aCRL
040 _beng
040 _cCRL
041 _2eng
041 _aeng
084 _qCRL
100 _aRamesh K. Guduru; Rambabu Bobba; Saravanakumar Balasubramaniam; Ananthakumar Ramadoss; Venkateswarlu Manne
_91145163
245 0 _aElectrolytes for Energy Storage Applications
245 0 _bFundamentals and Advances
260 _bTaylor and Francis
260 _c2024
365 _a
365 _b290
856 _uhttp://www.taylorfrancis.com/books/9781003441182
942 _cEBOOK
999 _c1734602
_d1734602